000
00274 a2200097 4500
001
52705
100
_a
Roberts H V
245
_a
Conversational Statistics with IDA An Introduction to Data Analysis & Regression
260
_a
New York
_b
McGraw Hill
_c
090
_c
33149
_d
33149
942
_a
NUST-CAE
_c
M
_c
25724
999
_c
287778
_d
287778